000 01349nab a22002657a 4500
999 _c5649
_d5649
003 OSt
005 20251226213226.0
008 190603e xxum|||| |||| 00| 0 spa d
040 _cPJ
100 _96231
_aVitantonio, Marina
245 1 0 _aAlgunas consideraciones referidas a alimentos para hijos jóvenes/adultos cuando el alimentante es vulnerable /
_cMarina Vitantonio.
260 _cCiudad Autónoma de Buenos Aires :
_aThomson Reuters La Ley,
_b2025.
300 _ap. 174-178
500 _aCita: TR LALEY AR/DOC/1060/2025 Publicado en: RCCyC 2025 (junio).
505 _aSumario: I. El fallo.— II. Ley aplicable al momento de fallar.— III. Alimentos a hijos entre 21 y 25 años.— IV. Alimentante vulnerable.— V. Conclusión.
505 _aFallo comentado: STJ Corrientes ~ 12/03/2025 ~ B. R. A. c. R. A. M. s/ filiación s/ incidente de reducción de cuota alimentaria.
505 _t¿Te interesa el texto completo? Solicitalo al correo: koha@justierradelfuego.gov.ar
650 0 _91497
_aCODIGO CIVIL Y COMERCIAL
650 0 _9967
_aDERECHO DE FAMILIA
650 0 _9968
_aALIMENTOS
650 0 _94695
_aSITUACIÓN DE VULNERABILIDAD
650 0 _aANCIANO
773 0 _02713
_93170
_dCiudad Autónoma de Buenos Aires : Thomson Reuters La Ley, 2015-
_tRevista Código Civil y Comercial. Nº 3 - Junio 2025
942 _2udc
_cANA